Darts Players By Nickname - Statistics

General Stats
  • This quiz has been taken 484 times
  • The average score is 9 of 15
Answer Stats
Nickname Player % Correct
The Nuke Luke Littler
96%
Cool Hand Luke Humphries
93%
Jackpot Adrian Lewis
83%
Hollywood Chris Dobey
79%
The Ferret Jonny Clayton
78%
Goldfinger Andrew Gilding
74%
The History Maker Brendan Dolan
65%
The Wall Martin Schindler
64%
Smudger Ross Smith
59%
The Riot Callan Rydz
45%
Soots Alan Soutar
44%
The Titan Dirk Van Duijvenbode
41%
Dynamite Keane Barry
31%
The Mullet Danny Jansen
30%
The Master Owen Bates
27%
No matching quizzes found
Score Distribution
Percent of People with Each Score
Percentile by Number Answered
Your Score History
You have not taken this quiz